000 01391cam a22004097a 4500
001 6386
003 FISKH
005 20250826091436.0
008 111028r20112009ctua j 000 1 eng d
010 _a 2011284891
020 _a9781589250932 (hbk.)
020 _a9781589254251
020 _a1589250931 (hbk.)
020 _a9781589254251 (pbk.)
020 _a1589254252 (pbk.)
040 _aBTCTA
_beng
_cBTCTA
_dON8
_dBKX
_dYDXCP
_dDLC
050 _aPZ7.P7124 P
082 _a108
100 1 _aPlatt, Cynthia.
240 1 0 _aBeckett and the panda-monium
245 1 0 _aPanda-monium! /
_cby Cynthia Platt ; illustrated by Veronica Vasylenko.
250 _aThis edition published in 2011
260 _aWilton :
_bTiger Tales,
_c2009
300 _a26 unnumbered pages :
_bcolor illustrations ;
_c23 x 27 cm.
505 _aP
520 _aBeckett the Panda bear sets out to find some crunchy munchy bamboo. Along the way he is joined by many other Panda bears to help him search. This leads to Panda-monium.
521 8 _a640
_bLexile AD
521 8 _aP
_bRaz-Plus
650 0 _aPandas
_vJuvenile fiction.
650 1 _aPandas
_vFiction.
650 7 _aPandas
_vFiction.
_2sears
650 7 _aBamboo
_vFiction.
_2sears
700 1 _aVasylenko, Veronica,
_eillustrator
906 _a7
_bcbc
_ccopycat
_d2
_encip
_f20
_gy-gencatlg
942 _2ddc
_cBK
_n0
999 _c6386
_d6386